| 000 | 00000nas 2200000za 4500 |
| 001 | 9.849443 |
| 003 | CaOODSP |
| 005 | 20221107153922 |
| 007 | cr ||||||||||| |
| 008 | 180101d19721973oncmr p oss f000#a0eng|d |
| 040 | |aCaOODSP|beng |
| 041 | |aeng|afre |
| 043 | |an-cn--- |
| 086 | 1 |aCS66-002-PDF |
| 245 | 00|aUnited States vehicles entering Canada |h[electronic resource] = |bVéhicules des États-Unis entrant au Canada. |
| 260 | |a[Ottawa] : |bStatistics Canada, Balance of Payments and Financial Flows Division, International Travel Section = Statistique Canada, Division de la balance des paiements et des flux financiers, Section des voyages internationaux, |c1972-1974. |
| 310 | |aMonthly |
| 362 | 0 |aVol. 25, no. 1 (Jan. 1972)-v. 26, no. 12 (Dec. 1973). |
| 500 | |aDigitized edition from print [produced by Statistics Canada]. |
| 546 | |aText in English and French. |
| 692 | 07|2gccst|aTravel |
| 692 | 07|2gccst|aTransport |
| 710 | 1 |aCanada. |bStatistics Canada. |bInternational Travel Section. |
| 780 | 00|tNon-resident vehicles entering Canada |w(CaOODSP)9.849442 |
| 792 | |tUnited States vehicles entering Canada |efre|w(CaOODSP)9.849445 |